[Event "Mollerussa op-A"]
[Site "Mollerusa"]
[Date "1997.??.??"]
[Round "6"]
[White "Quintas Galeano, Lluis"]
[Black "Banda Bolanos, Martin"]
[Result "1-0"]
[WhiteElo "2050"]
[BlackElo "2005"]
[PlyCount "65"]
[EventDate "1997.??.??"]
[EventType "swiss"]
[EventRounds "9"]
[EventCountry "ESP"]
[SourceTitle "EXT 2003"]
[Source "ChessBase"]
[SourceDate "2002.11.25"]
[SourceVersion "1"]
[SourceVersionDate "2002.11.25"]
[SourceQuality "1"]

1. e4 e6 2. d4 a6 3. f4 b5 4. Nf3 Bb7 5. e5 c5 6. c3 Be7 7. Be3 Qc7 8. Nbd2 d6 9. Bd3 c4 10. Be4 d5 11. Bc2 h6 12. 0-0 Nc6 13. f5 0-0-0 14. fxe6 fxe6 15. Qe2 Re8 16. Bg6 Rd8 17. b3 Rd7 18. a4 Nd8 19. axb5 axb5 20. bxc4 dxc4 21. Rfb1 Qc6 22. Be4 Rd5 23. Bxd5 exd5 24. Nf1 Ne6 25. Ng3 Bg5 26. Nxg5 hxg5 27. Nf5 Kd7 28. Nd6 Ba6 29. Qa2 Nc7 30. Bxg5 Ne7 31. Qf2 Ne6 32. Bxe7 Kxe7 33. Qf7+ 1-0